Subdivision capitals closest to Luhansk (UA) - Statistics

General Stats
  • This quiz has been taken 31 times
  • The average score is 9 of 20
Answer Stats
Distance (km) Answer % Correct
1 128 Donjeck
100%
3 273 Harkiv
88%
2 152 Rostov na Donu
75%
5 315 Dnjipro
71%
6 320 Zaporižja
71%
4 298 Belgorod
63%
10 395 Krasnodar
58%
9 383 Volgograd
50%
7 344 Voronjež
50%
12 417 Kursk
46%
8 364 Poltava
46%
11 415 Sumi
46%
20 537 Čerkasi
33%
15 449 Lipeck
33%
18 518 Kropivnjickij
25%
16 450 Elista
21%
17 486 Tambov
21%
19 527 Čerkesk
17%
14 445 Majkop
17%
13 442 Stavropolj
17%
No matching quizzes found
Score Distribution
Percent of People with Each Score
Percentile by Number Answered
Your Score History
You have not taken this quiz